International Real Estate Exhibition (1st:1986 Mac 15-16:Kuala Lumpur) (Working papers)
| Format: | Book |
|---|
MARC
| LEADER | 00000cam a2200000 7i4500 | ||
|---|---|---|---|
| 001 | 0000006232 | ||
| 005 | 20000214.0 | ||
| 040 | |a INS | ||
| 090 | 0 | 0 | |a S6 |
| 245 | 0 | 0 | |a International Real Estate Exhibition (1st:1986 Mac 15-16:Kuala Lumpur) (Working papers) |
| 999 | |a S000000037 |b BOOK |c Seminar |e Default branch | ||